[Event "Hradec Kralove op 13th"]
[Site "Hradec Kralove"]
[Date "2023.11.07"]
[Round "4"]
[White "Jirasek, Pavel"]
[Black "Jiruse, Josef"]
[Result "1-0"]
[WhiteElo "2322"]
[BlackElo "1941"]
[PlyCount "69"]
[EventDate "2023.11.04"]
[EventType "swiss"]
[EventRounds "9"]
[EventCountry "CZE"]
[SourceTitle "CB46_2023"]
[SourceDate "2023.11.15"]
[SourceVersion "1"]
[SourceVersionDate "2023.11.15"]
[SourceQuality "1"]

1. c4 c5 2. g3 Nc6 3. Bg2 g6 4. Nc3 Bg7 5. Nf3 e5 6. a3 Nge7 7. d3 0-0 8. Nd2 Rb8 9. Nf1 a6 10. Ne3 b5 11. 0-0 Nd4 12. Ned5 d6 13. e3 Nxd5 14. Nxd5 Ne6 15. Rb1 Nc7 16. b4 Bb7 17. Bd2 Nxd5 18. Bxd5 bxc4 19. dxc4 Bxd5 20. cxd5 e4 21. Qa4 Qg5 22. Qc6 Rbc8 23. Qxd6 c4 24. b5 c3 25. Bc1 axb5 26. Rxb5 Rfd8 27. Qa6 Qh5 28. d6 Qe2 29. Qb7 Qd3 30. Rb4 f5 31. Rd4 Bxd4 32. Qd5+ Kg7 33. exd4 Qa6 34. Qe5+ Kg8 35. Qe6+ 1-0

[Event "Vilnius Elite op"]
[Site "Vilnius"]
[Date "2023.07.08"]
[Round "7"]
[White "Posaskov, Nikita"]
[Black "Jirasek, Pavel"]
[Result "0-1"]
[WhiteElo "2061"]
[BlackElo "2292"]
[PlyCount "42"]
[EventDate "2023.07.05"]
[EventType "swiss"]
[EventRounds "8"]
[EventCountry "LTU"]
[SourceTitle "CBM 215 Extra"]
[Source "ChessBase"]
[SourceDate "2023.09.30"]
[SourceVersion "1"]
[SourceVersionDate "2023.09.30"]
[SourceQuality "1"]

1. d4 Nf6 2. Nf3 e6 3. g3 b6 4. Bg2 Bb7 5. 0-0 Be7 6. c4 0-0 7. Nc3 Ne4 8. Qc2 Nxc3 9. Qxc3 c5 10. Rd1 d6 11. Qd3 Nc6 12. b3 Bf6 13. Bb2 d5 14. cxd5 Qxd5 15. e4 Qd8 16. Rac1 Rc8 17. h4 cxd4 18. Nxd4 Nxd4 19. Rxc8 Qxc8 20. Bxd4 Rd8 21. Qe3 e5 0-1

[Event "Hradec Kralove op 11th"]
[Site "Hradec Kralove"]
[Date "2022.11.10"]
[Round "7"]
[White "Sykora, Marek1111"]
[Black "Jirasek, Pavel"]
[Result "0-1"]
[WhiteElo "2251"]
[BlackElo "2291"]
[PlyCount "82"]
[EventDate "2022.11.05"]
[EventType "swiss"]
[EventRounds "9"]
[EventCountry "CZE"]
[SourceTitle "CBM 211 Extra"]
[Source "ChessBase"]
[SourceDate "2023.01.31"]
[SourceVersion "1"]
[SourceVersionDate "2023.01.31"]
[SourceQuality "1"]

1. e4 c5 2. c3 Nf6 3. e5 Nd5 4. d4 cxd4 5. Nf3 d6 6. cxd4 Nc6 7. Bc4 e6 8. 0-0 Be7 9. Nbd2 Nb6 10. Bb5 Bd7 11. exd6 Bxd6 12. Ne4 Be7 13. Bf4 0-0 14. Bd3 Nd5 15. Bg3 Rc8 16. Nd6 Bxd6 17. Bxd6 Re8 18. Ne5 Nxe5 19. dxe5 Nf4 20. Be4 Bc6 21. Bxc6 Rxc6 22. Qg4 Nd5 23. Rac1 Qb6 24. Rxc6 Qxc6 25. Qd4 b6 26. h4 Rc8 27. b3 Qc2 28. Qa4 h5 29. Qxa7 Qg6 30. Qa4 Rc2 31. Qd4 Rxa2 32. Rc1 Qf5 33. g3 Qf3 34. b4 Re2 35. b5 Ne3 36. Rc8+ Kh7 37. Qd3+ g6 38. Qxe3 Rxe3 39. fxe3 Qxg3+ 40. Kh1 Qxh4+ 41. Kg2 g5 0-1

[Event "Hradec Kralove op 11th"]
[Site "Hradec Kralove"]
[Date "2022.11.09"]
[Round "6"]
[White "Jirasek, Pavel"]
[Black "Gorkiewicz, Mateusz"]
[Result "1-0"]
[WhiteElo "2291"]
[BlackElo "2028"]
[PlyCount "71"]
[EventDate "2022.11.05"]
[EventType "swiss"]
[EventRounds "9"]
[EventCountry "CZE"]
[SourceTitle "CBM 211 Extra"]
[Source "ChessBase"]
[SourceDate "2023.01.31"]
[SourceVersion "1"]
[SourceVersionDate "2023.01.31"]
[SourceQuality "1"]

1. c4 e6 2. Nf3 d5 3. d4 Nf6 4. g3 Be7 5. Bg2 0-0 6. 0-0 dxc4 7. Ne5 Nc6 8. Nxc6 bxc6 9. Na3 Bxa3 10. bxa3 Ba6 11. Qd2 Rb8 12. Rd1 Qc8 13. e4 Rd8 14. Qc3 c5 15. Be3 Ng4 16. dxc5 Nxe3 17. Qxe3 Rd3 18. Rxd3 cxd3 19. Bf1 Qd7 20. c6 Qxc6 21. Bxd3 Qc3 22. Rd1 Rd8 23. Bf1 Rxd1 24. Qxc3 Bxf1 25. f3 Bb5+ 26. Kf2 h6 27. Qxc7 a6 28. Qc3 Rd6 29. a4 Rc6 30. Qb3 Bc4 31. Qb7 Rc5 32. a3 g6 33. Ke3 Bf1 34. Qb8+ Kg7 35. Qb1 Rc3+ 36. Kf2 1-0

[Event "Hradec Kralove op 11th"]
[Site "Hradec Kralove"]
[Date "2022.11.08"]
[Round "5"]
[White "Jirasek, Pavel"]
[Black "Arndt, Stefan"]
[Result "1/2-1/2"]
[WhiteElo "2291"]
[BlackElo "2176"]
[PlyCount "68"]
[EventDate "2022.11.05"]
[EventType "swiss"]
[EventRounds "9"]
[EventCountry "CZE"]
[SourceTitle "CBM 211 Extra"]
[Source "ChessBase"]
[SourceDate "2023.01.31"]
[SourceVersion "1"]
[SourceVersionDate "2023.01.31"]
[SourceQuality "1"]

1. c4 e6 2. Nf3 d5 3. d4 Nf6 4. g3 Be7 5. Bg2 0-0 6. 0-0 c6 7. Qc2 b6 8. Bf4 Bb7 9. Nbd2 Nbd7 10. Rac1 c5 11. dxc5 bxc5 12. cxd5 Nxd5 13. Nc4 Nxf4 14. gxf4 Qc7 15. Rfd1 Nf6 16. Nfe5 Bxg2 17. Kxg2 Rfd8 18. Qb3 Nd5 19. Qf3 Bf6 20. Nd3 Rac8 21. e3 Nb4 22. Nxb4 cxb4 23. b3 Bc3 24. h3 g6 25. a4 Rxd1 26. Rxd1 Rd8 27. Kf1 Rxd1+ 28. Qxd1 Qc5 29. Qd7 Qf5 30. Kg2 Qe4+ 31. Kg3 Qh1 32. Nd6 Qg1+ 33. Kf3 Qh1+ 34. Kg3 Qg1+ 1/2-1/2

[Event "Hradec Kralove op 11th"]
[Site "Hradec Kralove"]
[Date "2022.11.07"]
[Round "3"]
[White "Jirasek, Pavel"]
[Black "Kraus, Ondrej"]
[Result "1-0"]
[WhiteElo "2291"]
[BlackElo "1992"]
[PlyCount "69"]
[EventDate "2022.11.05"]
[EventType "swiss"]
[EventRounds "9"]
[EventCountry "CZE"]
[SourceTitle "CBM 211 Extra"]
[Source "ChessBase"]
[SourceDate "2023.01.31"]
[SourceVersion "1"]
[SourceVersionDate "2023.01.31"]
[SourceQuality "1"]

1. c4 Nf6 2. Nf3 e6 3. g3 b6 4. Bg2 Bb7 5. 0-0 Be7 6. d4 0-0 7. Nc3 Ne4 8. Re1 Nxc3 9. bxc3 f5 10. d5 Na6 11. Qc2 Bf6 12. Ba3 Re8 13. Nd4 g6 14. e4 fxe4 15. Bxe4 Nc5 16. Bg2 exd5 17. cxd5 Rxe1+ 18. Rxe1 Qf8 19. Qe2 Qf7 20. Nb5 Ba6 21. c4 Bxb5 22. cxb5 Bc3 23. d6 Rf8 24. Rf1 Re8 25. Qc2 Qg7 26. dxc7 Rc8 27. Bd5+ Kh8 28. Rc1 Bd4 29. Re1 Qf6 30. Bc1 Nd3 31. Re2 Nxf2 32. Kg2 Qd6 33. Qc4 Be5 34. Bf4 Bxf4 35. Qd4+ 1-0

[Event "Pardubice Czech op-E 33rd"]
[Site "Pardubice"]
[Date "2022.07.15"]
[Round "3.1"]
[White "Jirasek, Pavel"]
[Black "Svoboda, Vaclav"]
[Result "1-0"]
[WhiteElo "2290"]
[BlackElo "2397"]
[PlyCount "43"]
[EventDate "2022.07.14"]
[EventType "team-swiss"]
[EventRounds "7"]
[EventCountry "CZE"]
[SourceTitle "CBM 209 Extra"]
[Source "ChessBase"]
[SourceDate "2022.09.30"]
[SourceVersion "1"]
[SourceVersionDate "2022.09.30"]
[SourceQuality "1"]
[WhiteTeam "Lipa"]
[BlackTeam "Praha Oaza"]
[WhiteTeamCountry "CZE"]
[BlackTeamCountry "CZE"]

1. c4 c5 2. Nf3 g6 3. g3 Bg7 4. Bg2 Nc6 5. 0-0 Nf6 6. d4 cxd4 7. Nxd4 0-0 8. Nc3 Qa5 9. Nb3 Qh5 10. e4 d6 11. Qxh5 Nxh5 12. c5 dxc5 13. Nxc5 Nd4 14. Bd2 b6 15. Nb3 Ba6 16. Rfd1 Rad8 17. Nxd4 Bxd4 18. Bh6 Ng7 19. Nd5 e5 20. Bg5 Ra8 21. Nc7 Be2 22. Rd2 1-0

[Event "Hradec Kralove op 11th"]
[Site "Hradec Kralove"]
[Date "2021.11.12"]
[Round "8"]
[White "Plischki, Sebastian"]
[Black "Jirasek, Pavel"]
[Result "0-1"]
[WhiteElo "2368"]
[BlackElo "2282"]
[PlyCount "62"]
[EventDate "2021.11.06"]
[EventType "swiss"]
[EventRounds "9"]
[EventCountry "CZE"]
[SourceTitle "CBM 205 Extra"]
[Source "ChessBase"]
[SourceDate "2022.01.31"]
[SourceVersion "1"]
[SourceVersionDate "2022.01.31"]
[SourceQuality "1"]

1. d4 Nf6 2. c4 e6 3. Nf3 b6 4. g3 Bb7 5. Bg2 Be7 6. 0-0 0-0 7. Nc3 Ne4 8. Bd2 Bf6 9. Re1 c5 10. d5 Nxc3 11. Bxc3 Bxc3 12. bxc3 d6 13. dxe6 fxe6 14. Qd2 Qe7 15. Rad1 Rd8 16. Qe3 Na6 17. Rd3 Nc7 18. Nh4 Bxg2 19. Nxg2 Qf6 20. Red1 d5 21. cxd5 Nxd5 22. Qd2 Rf8 23. e4 c4 24. Rxd5 exd5 25. exd5 b5 26. Nf4 Qd6 27. Qd4 Rae8 28. Ne6 Rf7 29. Kg2 Rd7 30. f4 Rxe6 31. dxe6 Qc6+ 0-1

[Event "Hradec Kralove op 11th"]
[Site "Hradec Kralove"]
[Date "2021.11.09"]
[Round "5"]
[White "Dambrauskas, Virginijus A"]
[Black "Jirasek, Pavel"]
[Result "0-1"]
[WhiteElo "2186"]
[BlackElo "2282"]
[PlyCount "138"]
[EventDate "2021.11.06"]
[EventType "swiss"]
[EventRounds "9"]
[EventCountry "CZE"]
[SourceTitle "CBM 205 Extra"]
[Source "ChessBase"]
[SourceDate "2022.01.31"]
[SourceVersion "1"]
[SourceVersionDate "2022.01.31"]
[SourceQuality "1"]

1. d4 Nf6 2. c4 e6 3. g3 c5 4. Nf3 cxd4 5. Nxd4 Qc7 6. e3 a6 7. Nd2 b6 8. Bg2 Bb7 9. Bxb7 Qxb7 10. Qf3 Nc6 11. 0-0 Rc8 12. b3 Bb4 13. Ne4 Nxe4 14. Qxe4 Bc3 15. Rb1 d5 16. Qd3 Bxd4 17. exd4 0-0 18. Ba3 Rfd8 19. c5 e5 20. dxe5 bxc5 21. Bxc5 Nxe5 22. Qf5 Rxc5 23. Qxe5 Rc2 24. Rfe1 g6 25. Re2 Rxe2 26. Qxe2 d4 27. Rd1 Qb6 28. Qc4 h5 29. h4 Qd6 30. Qd3 a5 31. Kg2 Kg7 32. Rd2 Qe5 33. Re2 Qd5+ 34. Kh2 Rd6 35. Rd2 Kf6 36. Rd1 Qf5 37. Kg2 Qxd3 38. Rxd3 Ke5 39. Kf3 Rc6 40. Ke2 Rc2+ 41. Rd2 Rc3 42. Rd3 Rc2+ 43. Rd2 Rc6 44. Rb2 Rc3 45. a4 Ke4 46. b4 axb4 47. Rxb4 Rc2+ 48. Ke1 Ra2 49. Rb3 Rxa4 50. f3+ Kd5 51. Rb7 Kc4 52. Rxf7 Ra1+ 53. Kf2 Ra2+ 54. Ke1 Kd3 55. Rf6 Ke3 56. Re6+ Kxf3 57. Rxg6 Rg2 58. Rg5 Ke3 59. Re5+ Kd3 60. Rxh5 Rxg3 61. Kf2 Rh3 62. Rh8 Kc2 63. Kg2 Rc3 64. Rd8 d3 65. Kf3 Kc1 66. Kg4 d2 67. h5 Kc2 68. h6 Rd3 69. Rxd3 Kxd3 0-1

[Event "Hradec Kralove op 11th"]
[Site "Hradec Kralove"]
[Date "2021.11.09"]
[Round "4"]
[White "Jirasek, Pavel"]
[Black "Pein, Jonathan"]
[Result "1/2-1/2"]
[WhiteElo "2282"]
[BlackElo "2255"]
[PlyCount "48"]
[EventDate "2021.11.06"]
[EventType "swiss"]
[EventRounds "9"]
[EventCountry "CZE"]
[SourceTitle "CBM 205 Extra"]
[Source "ChessBase"]
[SourceDate "2022.01.31"]
[SourceVersion "1"]
[SourceVersionDate "2022.01.31"]
[SourceQuality "1"]

1. c4 b6 2. Nc3 Bb7 3. d4 Nf6 4. Nf3 Ne4 5. Nxe4 Bxe4 6. Nd2 Bb7 7. e4 g6 8. Be2 Bg7 9. d5 0-0 10. 0-0 c6 11. Nf3 Na6 12. Rb1 Nc5 13. Qc2 d6 14. b4 Nd7 15. Be3 Rc8 16. Qa4 Rc7 17. Nd4 Qa8 18. b5 Nc5 19. Qd1 cxb5 20. Nxb5 Rcc8 21. Bg4 Rcd8 22. f3 Bc8 23. Bxc5 Bxg4 24. Bd4 Bd7 1/2-1/2

[Event "Pardubice op rapid 32nd"]
[Site "Pardubice"]
[Date "2021.07.22"]
[Round "9"]
[White "Babula, Vlastimil"]
[Black "Jirasek, Pavel"]
[Result "1-0"]
[WhiteElo "2563"]
[BlackElo "2298"]
[PlyCount "97"]
[EventDate "2021.07.21"]
[EventType "swiss (rapid)"]
[EventRounds "9"]
[EventCountry "CZE"]
[SourceTitle "CBM 203 Extra"]
[Source "ChessBase"]
[SourceDate "2021.09.30"]
[SourceVersion "1"]
[SourceVersionDate "2021.09.30"]
[SourceQuality "1"]

1. d4 Nf6 2. c4 e6 3. Nf3 Bb4+ 4. Bd2 Bxd2+ 5. Qxd2 0-0 6. g3 b6 7. Bg2 Bb7 8. Nc3 Ne4 9. Qc2 Nxc3 10. Ng5 Ne4 11. Bxe4 Bxe4 12. Qxe4 Qxg5 13. Qxa8 Nc6 14. Qb7 Nxd4 15. Rd1 Qc5 16. Qe4 Qb4+ 17. Kf1 c5 18. b3 d5 19. cxd5 exd5 20. Qxd5 Qa5 21. e3 Qa6+ 22. Kg2 Ne6 23. Rd2 g6 24. Rhd1 Rd8 25. Qf3 Rf8 26. h4 h5 27. Kh2 c4 28. bxc4 Qxc4 29. Qd5 Qa4 30. Qe5 Qc4 31. Qd5 Qa4 32. Qb3 Qe4 33. Qc2 Qf3 34. Rd7 a5 35. R1d2 Kh7 36. Kg1 Nc5 37. Rd8 Rxd8 38. Rxd8 Qf6 39. Rd4 Ne6 40. Rd6 b5 41. Qd2 Qa1+ 42. Kg2 b4 43. Qd5 a4 44. Rd7 Qf6 45. Ra7 b3 46. axb3 axb3 47. Qxb3 Qf5 48. Qb7 Kg7 49. Qf3 1-0

[Event "Pardubice op rapid 32nd"]
[Site "Pardubice"]
[Date "2021.07.22"]
[Round "5"]
[White "Pulpan, Jakub"]
[Black "Jirasek, Pavel"]
[Result "1-0"]
[WhiteElo "2405"]
[BlackElo "2298"]
[PlyCount "73"]
[EventDate "2021.07.21"]
[EventType "swiss (rapid)"]
[EventRounds "9"]
[EventCountry "CZE"]
[SourceTitle "CBM 203 Extra"]
[Source "ChessBase"]
[SourceDate "2021.09.30"]
[SourceVersion "1"]
[SourceVersionDate "2021.09.30"]
[SourceQuality "1"]

1. Nf3 Nf6 2. b3 b6 3. g3 Bb7 4. Bg2 g6 5. Bb2 Bg7 6. c4 0-0 7. 0-0 c5 8. Nc3 d6 9. d4 cxd4 10. Qxd4 Ne4 11. Qe3 Nxc3 12. Bxc3 Nd7 13. Bxg7 Kxg7 14. Rfd1 Nf6 15. Rac1 Qc7 16. Bh3 Ne4 17. Nd4 a6 18. b4 Rfd8 19. a3 Rab8 20. Bg4 Nf6 21. Bf3 Bxf3 22. exf3 e5 23. Nf5+ Kg8 24. Qg5 Ne8 25. Ne7+ Kg7 26. Nd5 Qc6 27. f4 h6 28. Qh4 Qd7 29. Ne3 exf4 30. Qxf4 Qe7 31. Nd5 Qe5 32. Qd2 Nf6 33. Re1 Qf5 34. Qd4 b5 35. Ne7 Qd7 36. Rc3 Qb7 37. Nd5 1-0

[Event "Pardubice op rapid 32nd"]
[Site "Pardubice"]
[Date "2021.07.21"]
[Round "1"]
[White "Kovacs, Ivan1111"]
[Black "Jirasek, Pavel"]
[Result "0-1"]
[WhiteElo "1469"]
[BlackElo "2298"]
[PlyCount "74"]
[EventDate "2021.07.21"]
[EventType "swiss (rapid)"]
[EventRounds "9"]
[EventCountry "CZE"]
[SourceTitle "CBM 203 Extra"]
[Source "ChessBase"]
[SourceDate "2021.09.30"]
[SourceVersion "1"]
[SourceVersionDate "2021.09.30"]
[SourceQuality "1"]

1. d4 Nf6 2. e3 b6 3. Nf3 Bb7 4. Be2 g6 5. 0-0 Bg7 6. b3 0-0 7. Bb2 d6 8. Nbd2 Nbd7 9. c4 a6 10. h3 e6 11. a4 a5 12. Rc1 Qe7 13. Ba3 c5 14. Bb2 Rac8 15. dxc5 Nxc5 16. Bxf6 Qxf6 17. Nd4 Qe7 18. Nb5 Rfd8 19. Bf3 d5 20. cxd5 exd5 21. Bg4 Rc6 22. Bf3 Ne4 23. Rxc6 Bxc6 24. Be2 Bxb5 25. Bxb5 Nc3 26. Qc2 Qb4 27. Qd3 Bf6 28. f4 Rc8 29. Ba6 Re8 30. Rf3 Kg7 31. Bb7 Qe7 32. Ba6 Qa3 33. e4 dxe4 34. Nxe4 Nxe4 35. Re3 Nc5 36. Qe2 Rxe3 37. Qxe3 Nxa6 0-1

[Event "CZE-chT1W 1920"]
[Site "Czech Republic"]
[Date "2020.02.02"]
[Round "7.2"]
[White "Jirasek, Pavel"]
[Black "Zeman, Matyas"]
[Result "0-1"]
[WhiteElo "2310"]
[BlackElo "2247"]
[PlyCount "78"]
[EventDate "2019.10.20"]
[EventType "team-tourn"]
[EventRounds "11"]
[EventCountry "CZE"]
[SourceTitle "CBM 194 Extra"]
[Source "ChessBase"]
[SourceDate "2020.03.31"]
[SourceVersion "1"]
[SourceVersionDate "2020.03.31"]
[SourceQuality "1"]
[WhiteTeam "Polabiny II"]
[BlackTeam "Ceske Budejovice"]
[WhiteTeamCountry "CZE"]
[BlackTeamCountry "CZE"]

1. e4 c5 2. Nf3 Nc6 3. Bb5 g6 4. 0-0 Bg7 5. c3 Nf6 6. Re1 0-0 7. h3 d5 8. e5 Ne8 9. d4 Nc7 10. Bxc6 bxc6 11. dxc5 Ne6 12. Be3 Qc7 13. Nbd2 a5 14. Bd4 Ba6 15. g3 Rfb8 16. b3 a4 17. b4 Nxd4 18. cxd4 Rxb4 19. a3 Rbb8 20. Qc2 Bc8 21. Kg2 Bf5 22. Qc3 Qa5 23. Qxa5 Rxa5 24. g4 Bd3 25. Re3 Ba6 26. Rb1 Rab5 27. Ree1 f6 28. Rxb5 Bxb5 29. exf6 exf6 30. Re7 Bh6 31. h4 Bf4 32. Ra7 h5 33. g5 fxg5 34. hxg5 h4 35. Kh3 Rf8 36. Nxh4 Bxd2 37. Nxg6 Bxg5 38. Nxf8 Kxf8 39. Kg4 Bf6 0-1

[Event "Hradec Kralove op 10th"]
[Site "Hradec Kralove"]
[Date "2019.11.02"]
[Round "9"]
[White "Jirasek, Pavel"]
[Black "Kornitzky, Tino"]
[Result "0-1"]
[WhiteElo "2318"]
[BlackElo "2074"]
[PlyCount "62"]
[EventDate "2019.10.26"]
[EventType "swiss"]
[EventRounds "9"]
[EventCountry "CZE"]
[SourceTitle "CBM 193 Extra"]
[Source "ChessBase"]
[SourceDate "2020.01.31"]
[SourceVersion "1"]
[SourceVersionDate "2020.01.31"]
[SourceQuality "1"]

1. c4 e6 2. g3 d5 3. Bg2 Nf6 4. d4 Bb4+ 5. Bd2 Be7 6. Nf3 0-0 7. 0-0 c6 8. b3 b6 9. Bc3 Ba6 10. Nbd2 Nbd7 11. Ne5 Nxe5 12. dxe5 Nd7 13. Rc1 Rc8 14. Re1 Qc7 15. Bb2 Qb8 16. f4 Rfd8 17. cxd5 Bc5+ 18. Rxc5 bxc5 19. d6 c4 20. Ne4 cxb3 21. axb3 Qb6+ 22. Bd4 c5 23. Bf2 Bb7 24. Qc2 h6 25. Rc1 Bxe4 26. Bxe4 Rb8 27. Bxc5 Nxc5 28. Qxc5 Rbc8 29. b4 Rxc5 30. bxc5 Qb2 31. Rc4 Qxe2 0-1

[Event "Hradec Kralove op 10th"]
[Site "Hradec Kralove"]
[Date "2019.10.30"]
[Round "6"]
[White "Cap, Piotr"]
[Black "Jirasek, Pavel"]
[Result "1/2-1/2"]
[WhiteElo "1953"]
[BlackElo "2318"]
[PlyCount "59"]
[EventDate "2019.10.26"]
[EventType "swiss"]
[EventRounds "9"]
[EventCountry "CZE"]
[SourceTitle "CBM 193 Extra"]
[Source "ChessBase"]
[SourceDate "2020.01.31"]
[SourceVersion "1"]
[SourceVersionDate "2020.01.31"]
[SourceQuality "1"]

1. d4 Nf6 2. Bg5 e6 3. e4 h6 4. Bxf6 Qxf6 5. c3 d5 6. Nd2 c5 7. Ngf3 Nc6 8. Bb5 cxd4 9. Nxd4 Bd7 10. 0-0 Be7 11. exd5 exd5 12. Qf3 0-0 13. N2b3 Qg5 14. Qg3 Qxg3 15. hxg3 a6 16. Be2 Ne5 17. Nd2 b5 18. Bf3 Nxf3+ 19. N2xf3 Bf6 20. Rfd1 Rfd8 21. Rd2 a5 22. a3 Rab8 23. Nc2 Be6 24. Rad1 Kf8 25. Ne3 b4 26. cxb4 axb4 27. Nxd5 Bxd5 28. Rxd5 Rxd5 29. Rxd5 Bxb2 30. axb4 1/2-1/2

[Event "Hradec Kralove op 10th"]
[Site "Hradec Kralove"]
[Date "2019.10.29"]
[Round "5"]
[White "Jirasek, Pavel"]
[Black "Dambrauskas, Virginijus A"]
[Result "1/2-1/2"]
[WhiteElo "2318"]
[BlackElo "2219"]
[PlyCount "33"]
[EventDate "2019.10.26"]
[EventType "swiss"]
[EventRounds "9"]
[EventCountry "CZE"]
[SourceTitle "CBM 193 Extra"]
[Source "ChessBase"]
[SourceDate "2020.01.31"]
[SourceVersion "1"]
[SourceVersionDate "2020.01.31"]
[SourceQuality "1"]

1. c4 e6 2. g3 d5 3. Bg2 c6 4. Nf3 Nd7 5. Qc2 Bd6 6. d4 Ngf6 7. 0-0 Qe7 8. Nc3 0-0 9. e4 dxe4 10. Nxe4 Nxe4 11. Qxe4 e5 12. Qc2 exd4 13. Re1 Qf6 14. Bg5 Qg6 15. Qxg6 hxg6 16. Nxd4 f6 17. Be3 1/2-1/2

[Event "CZE-chT2D 1920"]
[Site "Czech Republic"]
[Date "2019.10.13"]
[Round "1.1"]
[White "Jirasek, Pavel"]
[Black "Vecera, Pavel"]
[Result "1-0"]
[WhiteElo "2310"]
[BlackElo "2151"]
[PlyCount "81"]
[EventDate "2019.10.13"]
[EventType "team-tourn"]
[EventRounds "11"]
[EventCountry "CZE"]
[SourceTitle "EXT 2024"]
[Source "ChessBase"]
[SourceDate "2023.10.10"]
[SourceVersion "1"]
[SourceVersionDate "2023.10.10"]
[SourceQuality "1"]
[WhiteTeam "Lipa"]
[BlackTeam "Zdar nad Sazavou"]
[WhiteTeamCountry "CZE"]
[BlackTeamCountry "CZE"]

1. c4 e5 2. g3 Nc6 3. Bg2 Nf6 4. Nc3 Bc5 5. e3 0-0 6. Nge2 Re8 7. 0-0 d6 8. Na4 Bg4 9. h3 Bd7 10. d4 exd4 11. Nxc5 dxc5 12. exd4 Qe7 13. Be3 cxd4 14. Nxd4 Ne5 15. Qc2 c5 16. Nb5 Bc6 17. Bf4 a6 18. Rae1 Bxg2 19. Kxg2 axb5 20. Rxe5 Qd7 21. Rxc5 bxc4 22. Qxc4 Ra4 23. Qb3 Qd4 24. Rb5 h6 25. Be5 Qe4+ 26. f3 Qc4 27. Qxc4 Rxc4 28. Bxf6 gxf6 29. Rxb7 Re2+ 30. Rf2 Re1 31. g4 Rcc1 32. Kg3 Kg7 33. Rd2 Rg1+ 34. Kh4 Rc8 35. Rdd7 Rf8 36. a4 h5 37. gxh5 f5 38. h6+ Kg6 39. Rd6+ Kh7 40. Rf6 f4 41. Rbxf7+ 1-0